[Event "New Zealand Major Open 2016"]
[Site "Devonport, Auckland NZL"]
[Date "2016.01.09"]
[Round "8.1"]
[White "Wells, Clinton A"]
[Black "Goh, Sean Christian"]
[Result "1-0"]
[WhiteElo "1931"]
[BlackElo "1739"]
[PlyCount "99"]
[EventDate "2016.01.02"]

1. c4 c5 2. g3 Nc6 3. Nf3 d6 4. Bg2 e5 5. Nc3 Nge7 6. O-O g6 7. b3 Bg7 8. Bb2
O-O 9. e3 f5 10. d3 h6 11. Ne1 f4 12. Nd5 fxe3 13. Nxe7+ Qxe7 14. fxe3 Rxf1+
15. Kxf1 Bd7 16. Bd5+ Kh7 17. Kg1 Qg5 18. Qe2 Bg4 19. Bf3 Be6 20. Ng2 Rf8 21.
Rf1 Bh3 22. Bc1 Bxg2 23. Kxg2 Qe7 24. Be4 Rxf1 25. Qxf1 Nd8 26. Qf3 b6 27. Qg4
Qe6 28. Qf3 Kh8 29. a3 g5 30. Bd5 Qe7 31. Qf5 Bf6 32. Qg6 Bg7 33. Bb2 Qf6 34.
Qe8+ Bf8 35. d4 exd4 36. exd4 Kh7 37. Qd7+ Bg7 38. Be4+ Kg8 39. Qe8+ Bf8 40.
Qd7 Bg7 41. Qxa7 cxd4 42. Qxb6 Nf7 43. Qb8+ Bf8 44. Qa7 Bg7 45. Bd5 g4 46. Qd7
h5 47. Qe8+ Kh7 48. Be4+ Kh6 49. Qxf7 Qg5 50. Bc1 1-0

[Event "New Zealand Major Open 2016"]
[Site "Devonport, Auckland NZL"]
[Date "2016.01.09"]
[Round "8.2"]
[White "Fuatai, Fuatai"]
[Black "Rains, Timothy"]
[Result "1-0"]
[WhiteElo "1971"]
[BlackElo "1819"]
[PlyCount "91"]
[EventDate "2016.01.02"]

1. e4 b6 2. d4 e6 3. a3 Bb7 4. Nc3 c5 5. d5 Nf6 6. Nf3 exd5 7. exd5 d6 8. Bd3
Be7 9. Bg5 Nbd7 10. Be2 a6 11. a4 O-O 12. Qd2 Re8 13. Rd1 Ng4 14. Bxe7 Rxe7 15.
O-O Ndf6 16. h3 Ne5 17. Nh4 Ng6 18. Nxg6 hxg6 19. Bf3 Qd7 20. Rfe1 Rae8 21.
Rxe7 Rxe7 22. b3 Re5 23. g4 Qe8 24. Qd3 Re1+ 25. Kg2 Rxd1 26. Nxd1 b5 27. axb5
axb5 28. c4 bxc4 29. bxc4 Ba6 30. Qb3 Nd7 31. Qa4 Qc8 32. Ne3 Nb6 33. Qb3 Qc7
34. Be2 Bc8 35. Bd3 Bd7 36. Qb1 Nc8 37. Nd1 Ne7 38. Nc3 Be8 39. Ne4 f5 40. Ng5
Bd7 41. Qe1 Qd8 42. f3 Qf8 43. Qh4 Qf6 44. Qh7+ Kf8 45. Qh8+ Ng8 46. Nh7+ 1-0

[Event "New Zealand Major Open 2016"]
[Site "Devonport, Auckland NZL"]
[Date "2016.01.09"]
[Round "8.3"]
[White "Krstev, Antonio"]
[Black "Kumar, Vinod"]
[Result "0-1"]
[WhiteElo "2046"]
[BlackElo "1939"]
[PlyCount "100"]
[EventDate "2016.01.02"]

1. d4 d5 2. c4 c6 3. Nc3 Nf6 4. Nf3 dxc4 5. a4 Bf5 6. e3 e6 7. Bxc4 Nbd7 8. h3
Bb4 9. O-O h6 10. Na2 Bd6 11. b4 O-O 12. Bb2 Qe7 13. Qe2 e5 14. dxe5 Nxe5 15.
Nxe5 Bxe5 16. Rfd1 Rad8 17. Bxe5 Qxe5 18. Rxd8 Rxd8 19. Rd1 Rxd1+ 20. Qxd1 Be4
21. Qd8+ Kh7 22. Qd4 Qg5 23. Bf1 Qd5 24. Nc3 Qxd4 25. exd4 Bc2 26. a5 Nd5 27.
Nxd5 cxd5 28. f4 Kg6 29. Kf2 Kf6 30. Ke3 Ba4 31. g3 Ke6 32. h4 Kd6 33. f5 Kc6
34. Kf4 f6 35. g4 Bb5 36. Bg2 Bc4 37. g5 hxg5+ 38. hxg5 Kb5 39. Kg4 Be2+ 40.
Kh4 Kc4 41. gxf6 gxf6 42. Kg3 Kxd4 43. Kf4 Bd3 44. Bf3 a6 45. Bg2 Bb5 46. Bf3
Bc6 47. Be2 Kc3 48. Bf1 Kxb4 49. Ke3 Kxa5 50. Kd4 Kb4 0-1

[Event "New Zealand Major Open 2016"]
[Site "Devonport, Auckland NZL"]
[Date "2016.01.09"]
[Round "8.4"]
[White "Eade, Don"]
[Black "Post, Martin J"]
[Result "0-1"]
[WhiteElo "1874"]
[BlackElo "1883"]
[PlyCount "63"]
[EventDate "2016.01.02"]

1. e4 d6 2. d4 c6 3. Nc3 g6 4. Be3 Bg7 5. Qd2 Nd7 6. Bd3 Ngf6 7. Nge2 a6 8. f4
Ng4 9. Bg1 e5 10. h3 exd4 11. Nxd4 Qh4+ 12. Kf1 Nh6 13. Re1 O-O 14. Nf3 Qd8 15.
Be3 Kh8 16. g4 f6 17. Re2 b5 18. g5 fxg5 19. fxg5 Rxf3+ 20. Kg2 Rxe3 21. Qxe3
Nf7 22. h4 Nde5 23. Rd2 Be6 24. Ne2 Ng4 25. Qf3 Nfe5 26. Qg3 Qb6 27. Kf1 Rf8+
28. Nf4 Nxd3 29. Rxd3 Bc4 30. Qxg4 Bxd3+ 31. cxd3 Qe3 32. Kg2 0-1

[Event "New Zealand Major Open 2016"]
[Site "Devonport, Auckland NZL"]
[Date "2016.01.09"]
[Round "8.5"]
[White "George, Sandeep"]
[Black "Aldridge, Alan L"]
[Result "0-1"]
[WhiteElo "1710"]
[BlackElo "1865"]
[PlyCount "62"]
[EventDate "2016.01.02"]

1. e4 c6 2. d4 d5 3. Nc3 dxe4 4. Nxe4 Bf5 5. Ng3 Bg6 6. h4 h6 7. Nf3 Nd7 8. h5
Bh7 9. Bd3 Bxd3 10. Qxd3 Ngf6 11. Bf4 Nd5 12. Bd2 b5 13. c4 bxc4 14. Qxc4 Rc8
15. O-O e6 16. Rfe1 Be7 17. Rad1 O-O 18. Ne5 c5 19. Nxd7 Qxd7 20. Ne4 cxd4 21.
Qxd4 Qb7 22. g4 Rfd8 23. Qa4 Qxb2 24. g5 hxg5 25. Nxg5 Rc2 26. Qe4 Nf6 27. Qe3
Rcxd2 28. Nxe6 Rxd1 29. Nxg7 Rxe1+ 30. Qxe1 Qb4 31. Qe3 Qg4+ 0-1

[Event "New Zealand Major Open 2016"]
[Site "Devonport, Auckland NZL"]
[Date "2016.01.09"]
[Round "8.6"]
[White "Bryan, Jason"]
[Black "Pakenham, John"]
[Result "0-1"]
[WhiteElo "1833"]
[BlackElo "1733"]
[PlyCount "72"]
[EventDate "2016.01.02"]

1. Nf3 Nf6 2. b3 g6 3. d4 Bg7 4. Bb2 O-O 5. Nbd2 d5 6. e3 Nbd7 7. Bd3 c5 8. c4
b6 9. O-O Bb7 10. cxd5 Nxd5 11. Nc4 cxd4 12. exd4 N7f6 13. Qd2 Rc8 14. Rfd1 e6
15. Ba3 Ne7 16. Nd6 Rc7 17. Nxb7 Rxb7 18. Rac1 b5 19. Bc5 Re8 20. b4 Nf5 21.
Bc2 Bh6 22. Ng5 Nd5 23. f4 Nfe3 24. Nh3 Nxd1 25. Rxd1 Qh4 26. Rf1 a6 27. Be4
Rd7 28. Qc1 Rc8 29. Bxd5 Rxd5 30. Qe1 Qd8 31. Qf2 Bg7 32. Rd1 Rcxc5 33. bxc5
Bxd4 34. Rxd4 Rxd4 35. Kh1 Rd1+ 36. Ng1 Qd4 0-1

[Event "New Zealand Major Open 2016"]
[Site "Devonport, Auckland NZL"]
[Date "2016.01.09"]
[Round "8.7"]
[White "Charles, Dion"]
[Black "Lyall, Simon"]
[Result "0-1"]
[WhiteElo "1629"]
[BlackElo "1811"]
[PlyCount "48"]
[EventDate "2016.01.02"]

1. e4 e5 2. Nf3 Nf6 3. Nxe5 d6 4. Nf3 Nxe4 5. d4 d5 6. Bd3 Be6 7. O-O f5 8. Ne5
Nd7 9. f3 Nxe5 10. fxe4 dxe4 11. dxe5 Qd4+ 12. Kh1 exd3 13. cxd3 O-O-O 14. Nc3
Qxd3 15. Bg5 Qxd1 16. Raxd1 Rxd1 17. Rxd1 Bc5 18. Ne2 h6 19. Nf4 Bf7 20. Nd3
Bb6 21. Bh4 g5 22. Be1 Bxa2 23. Bc3 Rd8 24. Rd2 Bc4 0-1

[Event "New Zealand Major Open 2016"]
[Site "Devonport, Auckland NZL"]
[Date "2016.01.09"]
[Round "8.8"]
[White "Song, Kate"]
[Black "Goh, Ethan"]
[Result "1-0"]
[WhiteElo "1587"]
[BlackElo "1668"]
[PlyCount "119"]
[EventDate "2016.01.02"]

1. e4 c5 2. Nf3 e6 3. d4 cxd4 4. Nxd4 Nc6 5. Nc3 Qc7 6. Ndb5 Qb8 7. a3 a6 8.
Nd4 Nf6 9. Be2 Be7 10. O-O O-O 11. Be3 b5 12. f4 Bc5 13. Kh1 Qb6 14. Nxc6 dxc6
15. Bxc5 Qxc5 16. Bf3 Bb7 17. Qe2 a5 18. Rfd1 e5 19. fxe5 Qxe5 20. Rd2 b4 21.
axb4 axb4 22. Rxa8 Rxa8 23. Nd1 c5 24. c3 Nxe4 25. Bxe4 Qxe4 26. Qxe4 Bxe4 27.
cxb4 cxb4 28. Kg1 f5 29. Kf2 Rc8 30. Ne3 b3 31. g3 Kf7 32. h4 Ke6 33. Ke2 h6
34. Rd4 g5 35. hxg5 hxg5 36. Rb4 f4 37. Rxe4+ Kf6 38. gxf4 gxf4 39. Rxf4+ Ke5
40. Rb4 Rh8 41. Rxb3 Ke4 42. Rb4+ Ke5 43. b3 Ra8 44. Rc4 Ra2+ 45. Nc2 Kd5 46.
Kd3 Rb2 47. Kc3 Rb1 48. b4 Rc1 49. Rc5+ Kd6 50. Kb3 Rb1+ 51. Ka4 Rb2 52. Ne3
Ra2+ 53. Kb5 Ra8 54. Nc4+ Ke7 55. Rc7+ Kd8 56. Rb7 Ra2 57. Kb6 Rc2 58. Ne5 Kc8
59. Nc6 Rb2 60. Rc7# 1-0

[Event "New Zealand Major Open 2016"]
[Site "Devonport, Auckland NZL"]
[Date "2016.01.09"]
[Round "8.9"]
[White "Picken, Oliver"]
[Black "Jacobs, Hilton J"]
[Result "1-0"]
[WhiteElo "1480"]
[BlackElo "1704"]
[PlyCount "49"]
[EventDate "2016.01.02"]

1. d4 d5 2. c4 c6 3. Nc3 Nf6 4. Bf4 e6 5. e3 Nbd7 6. Nf3 a6 7. Be2 dxc4 8. Bxc4
b5 9. Bd3 Bb7 10. O-O c5 11. dxc5 Bxc5 12. Rc1 O-O 13. Bb1 Rc8 14. Qe2 Re8 15.
Rfd1 Qb6 16. Ne5 Nf8 17. Ng4 Nxg4 18. Qxg4 Ng6 19. Bg3 Be7 20. Qe2 Bf6 21. Ne4
Bxe4 22. Bxe4 Qa5 23. a3 Red8 24. Rxd8+ Bxd8 25. Rxc8 1-0

[Event "New Zealand Major Open 2016"]
[Site "Devonport, Auckland NZL"]
[Date "2016.01.09"]
[Round "8.10"]
[White "Yan, Sarah"]
[Black "Sharma, Akshay"]
[Result "0-1"]
[WhiteElo "1362"]
[BlackElo "1361"]
[PlyCount "90"]
[EventDate "2016.01.02"]

1. d4 d5 2. c4 e5 3. e3 exd4 4. exd4 Nf6 5. Nc3 Bb4 6. Nf3 O-O 7. Be2 dxc4 8.
Bxc4 Nc6 9. O-O Bg4 10. d5 Ne5 11. Be2 Bxc3 12. bxc3 Nxf3+ 13. Bxf3 Bxf3 14.
Qxf3 Qxd5 15. Qg3 Ne4 16. Qf3 Rad8 17. Ba3 Nd2 18. Qxd5 Rxd5 19. Bxf8 Nxf1 20.
Kxf1 Kxf8 21. Ke2 Ke7 22. Rb1 b6 23. Rb4 Ke6 24. g3 g5 25. h4 h6 26. hxg5 hxg5
27. Rc4 c5 28. f3 f5 29. Ra4 a5 30. Ra3 Kd6 31. Rb3 Kc6 32. Rb2 c4 33. Rd2 b5
34. a3 f4 35. gxf4 Rxd2+ 36. Kxd2 gxf4 37. Kc2 Kc5 38. Kb2 b4 39. axb4+ axb4
40. Kc2 bxc3 41. Kxc3 Kd5 42. Kc2 Kd4 43. Kd2 c3+ 44. Kc2 Kc4 45. Kd1 Kb3 0-1

[Event "New Zealand Major Open 2016"]
[Site "Devonport, Auckland NZL"]
[Date "2016.01.09"]
[Round "8.11"]
[White "Tan, Teck Woon"]
[Black "Gallage K G, Roshan"]
[Result "1/2-1/2"]
[WhiteElo "1505"]
[BlackElo "1800"]
[PlyCount "110"]
[EventDate "2016.01.02"]

1. d4 d5 2. Nf3 Nf6 3. Bf4 e6 4. e3 Nbd7 5. Bd3 c5 6. Nbd2 cxd4 7. exd4 Qb6 8.
Rb1 Bd6 9. Bxd6 Qxd6 10. Qe2 O-O 11. Ne5 Qe7 12. O-O Nxe5 13. dxe5 Nd7 14. c3
f6 15. f4 f5 16. Nb3 a6 17. c4 dxc4 18. Bxc4 b5 19. Bd3 Bb7 20. Rbc1 Rac8 21.
Qf2 Bd5 22. Rfd1 Bxb3 23. axb3 Nc5 24. Bc2 Rc7 25. b4 Nb7 26. Bb3 Rd8 27. Bxe6+
Kf8 28. Rxd8+ Nxd8 29. Rxc7 Qxc7 30. Bxf5 Qc1+ 31. Qf1 Qxb2 32. Bxh7 Qxb4 33.
Qd1 Ne6 34. g3 a5 35. f5 Qd4+ 36. Qxd4 Nxd4 37. f6 gxf6 38. exf6 a4 39. Be4 a3
40. Bd5 b4 41. g4 b3 42. g5 a2 43. g6 a1=Q+ 44. Kg2 Qb2+ 45. Kh3 Qc3+ 46. Kg4
Qc8+ 47. Kg3 Ne2+ 48. Kh4 Qd7 49. g7+ Qxg7 50. fxg7+ Kxg7 51. Bxb3 Kh6 52. Kg4
Nd4 53. Bd1 Nc6 54. Kf4 Ne7 55. Bg4 Nd5+ 1/2-1/2

[Event "New Zealand Major Open 2016"]
[Site "Devonport, Auckland NZL"]
[Date "2016.01.09"]
[Round "8.12"]
[White "Booth, Anthony J"]
[Black "Calitz, Hananke"]
[Result "1/2-1/2"]
[WhiteElo "1766"]
[BlackElo "1612"]
[PlyCount "61"]
[EventDate "2016.01.02"]

1. e4 e6 2. Nf3 d5 3. exd5 exd5 4. d4 Nc6 5. Bf4 Bg4 6. Be2 Bxf3 7. Bxf3 Qe7+
8. Be3 Qb4+ 9. Nd2 Nxd4 10. Bxd5 Qxb2 11. Bxd4 Qxd4 12. Bxb7 Rb8 13. Bc6+ Kd8
14. O-O Bd6 15. Ne4 Qe5 16. f4 Qe6 17. Re1 Ne7 18. Nxd6 Qxd6 19. Qxd6+ cxd6 20.
Bf3 Kd7 21. Re4 Rhc8 22. Ra4 Rc7 23. c4 Nc8 24. Rc1 Rc5 25. Bd5 Ke7 26. Re1+
Kf8 27. Ra6 Rb6 28. Ra3 Rc7 29. Rae3 Re7 30. Kf1 Rb2 31. Ra3 1/2-1/2

[Event "New Zealand Major Open 2016"]
[Site "Devonport, Auckland NZL"]
[Date "2016.01.09"]
[Round "8.13"]
[White "Michael, Andrew"]
[Black "Wang, Aaron Ziwen"]
[Result "1-0"]
[WhiteElo "1741"]
[BlackElo "1597"]
[PlyCount "65"]
[EventDate "2016.01.02"]

1. d4 Nf6 2. Nf3 g6 3. Nc3 Bg7 4. e4 d6 5. Be3 O-O 6. Be2 e5 7. Qd2 Ng4 8. Bg5
Qe8 9. h3 Nf6 10. dxe5 dxe5 11. O-O-O Be6 12. Bb5 c6 13. Ba4 b5 14. Bb3 b4 15.
Bxf6 Bxf6 16. Na4 Na6 17. Qe3 Bxb3 18. axb3 Qe7 19. Qe2 Qb7 20. Qc4 Rfd8 21.
Nc5 Nxc5 22. Qxc5 Re8 23. Rd6 Be7 24. Qxc6 Qb8 25. Rd7 Bf6 26. Qxf6 Rf8 27.
Rhd1 Qe8 28. Re7 Qb5 29. Nxe5 Rae8 30. Ng4 Qh5 31. Rd5 g5 32. Rxg5+ Qg6 33.
Nh6# 1-0

[Event "New Zealand Major Open 2016"]
[Site "Devonport, Auckland NZL"]
[Date "2016.01.09"]
[Round "8.14"]
[White "Mukkattu, Philip"]
[Black "Hooton, Barry R"]
[Result "1-0"]
[WhiteElo "1733"]
[BlackElo "1593"]
[PlyCount "39"]
[EventDate "2016.01.02"]

1. d4 d5 2. c4 e6 3. Nf3 Nf6 4. Nc3 Be7 5. Qc2 b6 6. Bf4 c6 7. cxd5 exd5 8. e4
dxe4 9. Nxe4 Bb7 10. O-O-O O-O 11. Nxf6+ Bxf6 12. Bd3 g6 13. h4 Na6 14. Be4 Nb4
15. Qc4 Nd5 16. Be5 b5 17. Qc2 a5 18. h5 a4 19. hxg6 fxg6 20. Bxg6 1-0

[Event "New Zealand Major Open 2016"]
[Site "Devonport, Auckland NZL"]
[Date "2016.01.09"]
[Round "8.15"]
[White "Cooper, Nigel"]
[Black "Meng, Richard"]
[Result "1-0"]
[WhiteElo "1692"]
[BlackElo "1525"]
[PlyCount "59"]
[EventDate "2016.01.02"]

1. d4 Nf6 2. Bg5 Ne4 3. Bf4 c5 4. f3 Qa5+ 5. c3 Nf6 6. d5 d6 7. e4 g6 8. Qd2
Bd7 9. Bd3 b5 10. b4 Qb6 11. bxc5 Qxc5 12. Be3 Qc7 13. Ne2 Na6 14. Nd4 Qb7 15.
Na3 Nc7 16. Rb1 a6 17. c4 Rb8 18. O-O b4 19. Nac2 a5 20. a3 Na6 21. axb4 axb4
22. Nb3 Ba4 23. Kh1 Bg7 24. Ncd4 Nd7 25. Bh6 O-O 26. Bxg7 Kxg7 27. Qb2 Rfc8 28.
Ne6+ Kh6 29. Qd2+ Kh5 30. Qg5# 1-0

[Event "New Zealand Major Open 2016"]
[Site "Devonport, Auckland NZL"]
[Date "2016.01.09"]
[Round "8.17"]
[White "Zhang, Toby"]
[Black "Li, Rodney Xiang Rei"]
[Result "0-1"]
[WhiteElo "937"]
[BlackElo "1479"]
[PlyCount "128"]
[EventDate "2016.01.02"]

1. Nf3 Nf6 2. g3 g6 3. Bg2 Bg7 4. O-O O-O 5. d3 d5 6. Nbd2 Re8 7. Re1 e5 8. e4
Nc6 9. exd5 Nxd5 10. Nf1 Bg4 11. h3 Bd7 12. N1h2 Qc8 13. h4 f5 14. Ng5 Nf6 15.
Bf3 h6 16. Nh3 f4 17. Bg2 Bxh3 18. Bxh3 Qxh3 19. Qf3 fxg3 20. Qxg3 Qxg3+ 21.
fxg3 Nd4 22. Rf1 Nxc2 23. Rb1 Nd5 24. Rf2 Ncb4 25. a3 Nxd3 26. Rd2 Nxc1 27.
Rxc1 Rad8 28. Rc5 c6 29. b4 e4 30. b5 Nb6 31. Rxd8 Rxd8 32. bxc6 Bd4+ 33. Kf1
Bxc5 34. cxb7 e3 35. Ke2 Rb8 36. Ng4 Rxb7 37. Nxh6+ Kh7 38. Ng4 Re7 39. a4 Nxa4
40. Nf6+ Kg7 41. Nd5 Re5 42. Nf4 Nc3+ 43. Kd3 e2 44. Ng2 Bf2 45. Kxc3 Re3+ 46.
Kc2 Rxg3 47. Kd2 Rxg2 48. Kxe2 Bxh4+ 49. Kd3 Rg4 50. Kc3 Kf6 51. Kb3 Ke5 52.
Ka3 Rc4 53. Kb3 Kd5 54. Kb2 Bf6+ 55. Kb1 g5 56. Ka2 Rb4 57. Ka3 Kc4 58. Ka2 Kc3
59. Ka3 a6 60. Ka2 Rb3 61. Ka1 Kc2+ 62. Ka2 Be7 63. Ka1 Kc1 64. Ka2 Ra3# 0-1

[Event "New Zealand Major Open 2016"]
[Site "Devonport, Auckland NZL"]
[Date "2016.01.09"]
[Round "8.18"]
[White "Goh, Julien"]
[Black "Vincent, David A"]
[Result "0-1"]
[WhiteElo "1170"]
[BlackElo "1273"]
[PlyCount "120"]
[EventDate "2016.01.02"]

1. e4 e6 2. d3 d5 3. Nd2 d4 4. Ngf3 c5 5. g3 Nc6 6. Bg2 Nf6 7. O-O Be7 8. Re1
O-O 9. e5 Nd7 10. Nf1 Nb6 11. Bf4 Bd7 12. h4 Re8 13. N1h2 f6 14. h5 Nd5 15.
exf6 Nxf6 16. h6 g6 17. Ne5 Rf8 18. Nxc6 Bxc6 19. Bxc6 bxc6 20. Rxe6 Nh5 21.
Bd2 Qc7 22. Qe2 Bd6 23. Ba5 Qd7 24. c3 Rae8 25. Rxe8 Rxe8 26. Qf3 Rf8 27. Qg4
Qf7 28. f4 Re8 29. Kg2 Qd5+ 30. Qf3 Qe6 31. Qxc6 Nxf4+ 32. gxf4 Qe2+ 33. Kg1
Bxf4 34. Qg2 Qe3+ 35. Kh1 Qe5 36. cxd4 cxd4 37. Bd2 Bg3 38. Nf3 Qh5+ 39. Kg1
Bc7 40. Qh1 Qg4+ 41. Qg2 Qh5 42. Kf2 Qb5 43. Nxd4 Qxd3 44. Nf3 Re2+ 45. Kg1
Rxg2+ 46. Kxg2 Qe2+ 47. Kg1 Qxf3 48. Re1 Bb6+ 49. Kh2 Qf2+ 50. Kh3 Qxd2 51.
Re8+ Kf7 52. Rh8 Qxh6+ 53. Kg4 Qh5+ 54. Kf4 Qf5+ 55. Kg3 Qe5+ 56. Kf3 Qxh8 57.
b4 Qf6+ 58. Kg2 h5 59. Kh1 Qf2 60. a4 Qg1# 0-1

[Event "New Zealand Major Open 2016"]
[Site "Devonport, Auckland NZL"]
[Date "2016.01.09"]
[Round "8.19"]
[White "Braganza, Nadia"]
[Black "Li, Leo Xiang Yu"]
[Result "1-0"]
[WhiteElo "1129"]
[BlackElo "1222"]
[PlyCount "89"]
[EventDate "2016.01.02"]

1. e4 c5 2. Nf3 d6 3. d4 cxd4 4. Nxd4 Nf6 5. Nc3 Nc6 6. Be3 g6 7. Bb5 Bd7 8.
O-O Bg7 9. Nxc6 Bxc6 10. Bd3 O-O 11. Qf3 Qd7 12. Rab1 Ng4 13. Bd2 Ne5 14. Qg3
Nxd3 15. cxd3 Be5 16. Qe3 Qg4 17. Qg5 h5 18. Qxe7 Rae8 19. Qg5 f6 20. Qxg4 hxg4
21. Nd5 Rf7 22. Bc3 Bxd5 23. exd5 Bxc3 24. bxc3 Re2 25. a4 Rfe7 26. Rfd1 Rc2
27. Rdc1 Ree2 28. Rxc2 Rxc2 29. g3 b6 30. Rb3 Ra2 31. Rb4 Ra3 32. Rxg4 Kf7 33.
Rc4 f5 34. Kg2 Kf6 35. Kf3 Ke5 36. h4 Ra2 37. g4 Kxd5 38. gxf5 gxf5 39. h5 Ra1
40. Rh4 Re1 41. h6 Re8 42. h7 Rh8 43. Kf4 Ke6 44. Kg5 f4 45. Kg6 1-0

[Event "New Zealand Major Open 2016"]
[Site "Devonport, Auckland NZL"]
[Date "2016.01.09"]
[Round "8.20"]
[White "Steadman, Mathew"]
[Black "Fu, Alex"]
[Result "1/2-1/2"]
[WhiteElo "1473"]
[BlackElo "1034"]
[PlyCount "89"]
[EventDate "2016.01.02"]

1. f4 Nf6 2. Nf3 d5 3. d3 c5 4. g3 Nc6 5. Bg2 e6 6. O-O Qb6 7. Kh1 Bd6 8. c3
Qc7 9. Qe1 b6 10. e4 Nd7 11. Qe2 e5 12. f5 f6 13. h3 dxe4 14. dxe4 Ndb8 15. Qf2
Qf7 16. Nbd2 Bb7 17. h4 Ne7 18. Kg1 c4 19. Qe2 b5 20. a4 Ba6 21. axb5 Bxb5 22.
Rd1 Nd7 23. b3 Nb6 24. bxc4 Nxc4 25. Nxc4 Bxc4 26. Qd2 Bc5+ 27. Kh1 Bb5 28. Ba3
Bxa3 29. Rxa3 O-O 30. Qb2 a6 31. Bf1 Bxf1 32. Rxf1 Qc4 33. Qa2 Qxa2 34. Rxa2 a5
35. Re1 Rac8 36. Rc1 Nc6 37. Nd2 Nb4 38. Raa1 Nd3 39. Rc2 Nb4 40. Rb2 Nd3 41.
Rb3 Rcd8 42. Nc4 a4 43. Rba3 Nc5 44. Nb6 Rd6 45. Nd5 1/2-1/2

[Event "New Zealand Major Open 2016"]
[Site "Devonport, Auckland NZL"]
[Date "2016.01.09"]
[Round "8.21"]
[White "Barry, Jacob"]
[Black "Qin, Oscar Shu Xuan"]
[Result "0-1"]
[WhiteElo "911"]
[BlackElo "1435"]
[PlyCount "92"]
[EventDate "2016.01.02"]

1. e4 e5 2. Nf3 Nf6 3. Nc3 Nc6 4. Bb5 Nd4 5. Ba4 Nxf3+ 6. Qxf3 Bb4 7. O-O O-O
8. Bb3 Bxc3 9. dxc3 c6 10. Bg5 b5 11. Qg3 Nxe4 12. Bxf7+ Kxf7 13. Qf3+ Nf6 14.
Rae1 h6 15. Bxf6 Qxf6 16. Qh5+ Kg8 17. Re4 d6 18. f3 Bf5 19. Rh4 Bxc2 20. Rg4
Bf5 21. Rg3 Kh7 22. f4 exf4 23. Rxf4 Bg6 24. Qg4 Qg5 25. Qxg5 hxg5 26. Rxf8
Rxf8 27. Rxg5 Rf5 28. Rxf5 Bxf5 29. Kf2 Kg6 30. Ke3 Kf6 31. Kd4 Ke6 32. c4 c5+
33. Kc3 b4+ 34. Kb3 Ke5 35. a3 a5 36. axb4 axb4 37. Ka4 Kd4 38. b3 Bc2 39. g4
g5 40. Kb5 Bxb3 41. Ka5 Bc2 42. h4 gxh4 43. g5 b3 44. Ka4 b2+ 45. Ka3 b1=Q 46.
g6 Qb3# 0-1

[Event "New Zealand Major Open 2016"]
[Site "Devonport, Auckland NZL"]
[Date "2016.01.09"]
[Round "8.22"]
[White "Blackmore, Matthew"]
[Black "Zhang, Leo Li Ao"]
[Result "1-0"]
[WhiteElo "1279"]
[BlackElo "1361"]
[PlyCount "95"]
[EventDate "2016.01.02"]

1. e4 e5 2. Nf3 Nc6 3. Bc4 Bc5 4. d3 Nf6 5. Bg5 h6 6. Bxf6 Qxf6 7. O-O d6 8. h3
Nd4 9. Nbd2 Nxf3+ 10. Nxf3 O-O 11. c3 Qg6 12. Kh2 Re8 13. Bb3 Be6 14. Bc2 Qf6
15. Qd2 a6 16. Qe2 b5 17. a3 Rab8 18. b4 Ba7 19. g3 Rbd8 20. Nd2 d5 21. f3 dxe4
22. Nxe4 Qg6 23. Rad1 f6 24. Rd2 Qh5 25. Qg2 Rd7 26. f4 Bd5 27. Rdd1 Bxe4 28.
dxe4 Rxd1 29. Bxd1 Qf7 30. Qb2 Kh8 31. f5 Rd8 32. Qb3 Qxb3 33. Bxb3 Rd2+ 34.
Kh1 Rd3 35. Rd1 Rxd1+ 36. Bxd1 Bb6 37. Be2 c6 38. Kg2 Be3 39. c4 Bc1 40. cxb5
Bxa3 41. bxa6 c5 42. a7 cxb4 43. a8=Q+ Kh7 44. Bh5 g6 45. Bxg6+ Kg7 46. Qb7+
Kg8 47. Qf7+ Kh8 48. Qh7# 1-0

[Event "New Zealand Major Open 2016"]
[Site "Devonport, Auckland NZL"]
[Date "2016.01.09"]
[Round "8.23"]
[White "Zhang, Jennifer"]
[Black "Qin, Nicole Shu Yu"]
[Result "0-1"]
[WhiteElo "1356"]
[BlackElo "1329"]
[PlyCount "142"]
[EventDate "2016.01.02"]

1. e4 e6 2. d4 d5 3. e5 c5 4. c3 Qc7 5. Nf3 Nc6 6. Bf4 Bd7 7. a3 c4 8. g3 Nge7
9. Bg2 g6 10. O-O Bg7 11. Nbd2 O-O 12. b3 cxb3 13. Nxb3 Na5 14. Nc5 Bb5 15. Rb1
Bxf1 16. Bxf1 b6 17. Na4 Nc4 18. Qc1 Qc6 19. Bxc4 Qxc4 20. Rb4 Qc6 21. Nd2 Rab8
22. Qb2 Nc8 23. Nc5 a5 24. Rb3 bxc5 25. Rxb8 cxd4 26. cxd4 Ne7 27. Rxf8+ Bxf8
28. Nb3 Qb5 29. Qc3 Nc6 30. Bc1 Qa4 31. Qb2 Kg7 32. Kg2 Be7 33. f4 h5 34. Kf3
Qc4 35. Be3 Qf1+ 36. Bf2 Qh1+ 37. Ke3 Qxh2 38. Qc3 Nd8 39. Nxa5 h4 40. gxh4
Bxh4 41. Bxh4 Qxh4 42. Qc1 Qg3+ 43. Ke2 Qg2+ 44. Kd3 Qa2 45. Qc3 Qb1+ 46. Qc2
Qb5+ 47. Nc4 dxc4+ 48. Qxc4 Qb1+ 49. Qc2 Qf1+ 50. Ke4 Qh1+ 51. Kd3 Qf3+ 52. Kc4
Qxa3 53. d5 Qa6+ 54. Kd4 exd5 55. Kxd5 Qe6+ 56. Kd4 Nc6+ 57. Kc5 Nxe5 58. fxe5
Qc8+ 59. Kd6 Qxc2 60. e6 fxe6 61. Kxe6 Qf5+ 62. Ke7 Qf6+ 63. Kd7 g5 64. Ke8
Qf7+ 65. Kd8 Kf6 66. Kc8 Qe7 67. Kb8 Qd7 68. Ka8 Ke6 69. Kb8 Kd6 70. Ka8 Kc6
71. Kb8 Qb7# 0-1

[Event "New Zealand Major Open 2016"]
[Site "Devonport, Auckland NZL"]
[Date "2016.01.09"]
[Round "8.24"]
[White "Oka, Tsukasa"]
[Black "Ang, Beatrice Sze Ning"]
[Result "1/2-1/2"]
[WhiteElo "599"]
[BlackElo "1072"]
[PlyCount "63"]
[EventDate "2016.01.02"]

1. e4 e5 2. Nf3 Nc6 3. Nc3 Nf6 4. d4 exd4 5. Nxd4 Nxd4 6. Qxd4 d6 7. Bc4 Qe7 8.
O-O Qd7 9. Re1 Be7 10. Nd5 O-O 11. Nxe7+ Qxe7 12. Bg5 h6 13. Bxf6 Qxf6 14. Qxf6
gxf6 15. Rad1 Be6 16. Bxe6 fxe6 17. f4 e5 18. fxe5 fxe5 19. Rf1 Rxf1+ 20. Rxf1
Rf8 21. Rxf8+ Kxf8 22. Kf2 Kf7 23. Kf3 Kg6 24. g4 h5 25. h3 Kg5 26. c4 hxg4+
27. hxg4 a6 28. a4 b6 29. b4 c6 30. Kg3 b5 31. axb5 axb5 32. cxb5 1/2-1/2